[Event "CYCC U12"]
[Site "Victoria CAN"]
[Date "2005.03.25"]
[Round "3.9"]
[White "Landry, Francois Guillaume"]
[Black "Rozybakiyev, Ilchin"]
[Result "0-1"]
[WhiteElo "1151"]
[BlackElo "1359"]
[PlyCount "84"]
[GameId "2160767910969118"]
[EventDate "2005.03.24"]
[EventType "swiss"]
[EventRounds "7"]
[EventCountry "CAN"]

1. e4 c5 2. Nf3 Nc6 3. d4 cxd4 4. Nxd4 e5 5. Nb3 d6 6. Bc4 Nf6 7. Nc3 Be7 8. f3 O-O 9. Be3 Be6 10. Bxe6 fxe6 11. f4 exf4 12. Bxf4 e5 13. Bg3 Kh8 14. Nd5 Nxe4 15. Nxe7 Qxe7 16. Qd3 Nf6 17. O-O-O d5 18. Bh4 Rad8 19. Qb5 Qb4 20. Qxb4 Nxb4 21. Kb1 b6 22. Bxf6 gxf6 23. c3 Nc6 24. Rd2 Rf7 25. Rhd1 Rfd7 26. Rf1 Kg7 27. Rfd1 Ne7 28. c4 d4 29. c5 Rc8 30. cxb6 axb6 31. Nxd4 exd4 32. Rxd4 Rxd4 33. Rxd4 Nf5 34. Rd7+ Kg6 35. Rb7 Rc6 36. b4 Ne3 37. g3 Nf5 38. b5 Re6 39. a4 Ne3 40. Kb2 Nc4+ 41. Kb3 Na5+ 42. Kc3 Nxb7 0-1

[Event "CYCC U12"]
[Site "Victoria CAN"]
[Date "2005.04.25"]
[Round "3.11"]
[White "Wasser, Reuben"]
[Black "Greber, Carter"]
[Result "1-0"]
[WhiteElo "1098"]
[BlackElo "1331"]
[PlyCount "57"]
[GameId "2160767910969119"]
[EventDate "2005.03.24"]
[EventType "swiss"]
[EventRounds "7"]
[EventCountry "CAN"]

1. e4 e5 2. Nf3 Nc6 3. Bc4 Nf6 4. Nc3 Bb4 5. d3 d6 6. h3 O-O 7. O-O h6 8. a3 Bxc3 9. bxc3 Re8 10. Rb1 d5 11. exd5 Nxd5 12. Bxd5 Qxd5 13. c4 Qd8 14. Bb2 Re7 15. Re1 Qe8 16. Qe2 f6 17. Qd2 Bd7 18. Bc3 b6 19. Qe2 Qg6 20. Qe4 Bf5 21. Qxc6 Bxh3 22. Qxa8+ Kh7 23. Qe4 Bf5 24. Qh4 e4 25. dxe4 Bxe4 26. Qg3 Qh5 27. Nd2 Bxc2 28. Rxe7 Bxb1 29. Qxg7# 1-0

[Event "CYCC U12"]
[Site "Victoria CAN"]
[Date "2005.03.25"]
[Round "3.12"]
[White "Gupta, Udit"]
[Black "Smorshchok, Daniel"]
[Result "1-0"]
[WhiteElo "1283"]
[BlackElo "1102"]
[PlyCount "51"]
[GameId "2160767910969120"]
[EventDate "2005.03.24"]
[EventType "swiss"]
[EventRounds "7"]
[EventCountry "CAN"]

1. e4 c5 2. Nf3 e6 3. Nc3 a6 4. d4 cxd4 5. Nxd4 Qc7 6. g3 Bb4 7. Bd2 Nc6 8. Nde2 Qb6 9. Bg2 Bc5 10. O-O Qxb2 11. Na4 Qb5 12. Nec3 Qa5 13. Nd5 Bb4 14. c3 exd5 15. cxb4 Nxb4 16. Qb3 b5 17. Nb2 dxe4 18. Bxb4 Qb6 19. Bxe4 Rb8 20. Rfe1 Kd8 21. Qa3 Nf6 22. Ba5 Qxa5 23. Qxa5+ Ke8 24. Bd5+ Kf8 25. Qd8+ Ne8 26. Qxe8# 1-0

[Event "CYCC U12"]
[Site "Victoria CAN"]
[Date "2005.03.25"]
[Round "3.16"]
[White "Choi, David"]
[Black "Renaud, Joshua"]
[Result "1/2-1/2"]
[WhiteElo "912"]
[BlackElo "981"]
[PlyCount "64"]
[GameId "2160767910969121"]
[EventDate "2005.03.24"]
[EventType "swiss"]
[EventRounds "7"]
[EventCountry "CAN"]

1. e4 g6 2. Nf3 Bg7 3. d4 d6 4. Bc4 e6 5. Nc3 Ne7 6. Bf4 O-O 7. O-O Nd7 8. Bg5 Re8 9. d5 e5 10. Re1 h6 11. Bh4 a6 12. a4 Nb6 13. Bb3 Bd7 14. a5 Nbc8 15. Qd3 Na7 16. Rad1 Bg4 17. h3 Bxf3 18. Qxf3 c6 19. dxc6 Naxc6 20. Bxf7+ Kh7 21. Bxe8 Qxe8 22. Bxe7 Qxe7 23. Nd5 Qd8 24. Nb6 Rb8 25. Nc4 Nd4 26. Qf7 Qg5 27. Nxd6 Rf8 28. Qd7 Nf3+ 29. Kf1 Nxe1 30. Rxe1 Qd2 31. Re2 Qd1+ 32. Re1 Qd2 1/2-1/2

[Event "CYCC U12"]
[Site "Victoria CAN"]
[Date "2005.03.25"]
[Round "3.17"]
[White "Moore, Jeremy"]
[Black "Parker, Dylan"]
[Result "0-1"]
[WhiteElo "863"]
[BlackElo "765"]
[PlyCount "35"]
[GameId "2160767910969122"]
[EventDate "2005.03.24"]
[EventType "swiss"]
[EventRounds "7"]
[EventCountry "CAN"]

1. e4 e5 2. Qf3 Nf6 3. Nh3 Nc6 4. Na3 Bb4 5. Nc4 d6 6. a3 Bc5 7. b4 Bd4 8. Ra2 Bg4 9. Qd3 O-O 10. b5 Ne7 11. f3 Be6 12. f4 Bc5 13. Ng5 Bg4 14. fxe5 dxe5 15. Qb3 h6 16. Nxe5 hxg5 17. Bc4 Qe8 18. Rg1 0-1

[Event "CYCC U12"]
[Site "Victoria CAN"]
[Date "2005.03.25"]
[Round "4.1"]
[White "Fan, Brendan"]
[Black "Xiong, Jerry"]
[Result "1-0"]
[WhiteElo "1789"]
[BlackElo "1832"]
[PlyCount "67"]
[GameId "2160767910969125"]
[EventDate "2005.03.24"]
[EventType "swiss"]
[EventRounds "7"]
[EventCountry "CAN"]

1. e4 c5 2. Nc3 Nc6 3. f4 d6 4. Nf3 g6 5. Bc4 Bg7 6. O-O Nf6 7. d3 O-O 8. Be3 Bg4 9. h3 Bxf3 10. Qxf3 e6 11. g4 Qb6 12. Bb3 Rad8 13. f5 exf5 14. exf5 Kh8 15. g5 Ne5 16. Qg2 gxf5 17. gxf6 Rg8 18. fxg7+ Rxg7 19. Qxg7+ Kxg7 20. Rxf5 Qb4 21. Kh2 Rd7 22. Rg1+ Ng6 23. Rg4 Qb6 24. h4 Kh8 25. Bg5 Kg8 26. h5 h6 27. Bxh6 Kh7 28. hxg6+ fxg6 29. Rfg5 Kxh6 30. Rxg6+ Kh5 31. R4g5+ Kh4 32. Rg3 Kh5 33. Rg8 Qb4 34. Rh8+ 1-0

[Event "CYCC U12"]
[Site "Victoria CAN"]
[Date "2005.03.25"]
[Round "4.2"]
[White "Wild, Joshua"]
[Black "Yam, Richard"]
[Result "0-1"]
[WhiteElo "1411"]
[BlackElo "1718"]
[PlyCount "112"]
[GameId "2160767910969126"]
[EventDate "2005.03.24"]
[EventType "swiss"]
[EventRounds "7"]
[EventCountry "CAN"]

1. e4 e6 2. d4 d5 3. exd5 exd5 4. Nf3 Nf6 5. Nc3 Bd6 6. Bd3 O-O 7. O-O h6 8. h3 Be6 9. Nb5 Be7 10. Bf4 Na6 11. Re1 c6 12. Nc3 Nb4 13. a3 Nxd3 14. Qxd3 Bd6 15. Bxd6 Qxd6 16. Ne5 Nd7 17. f4 Nxe5 18. fxe5 Qe7 19. Qg3 Bf5 20. Rac1 Bg6 21. Ne2 Qg5 22. Rf1 Qxg3 23. Nxg3 Rac8 24. Nf5 Bxf5 25. Rxf5 c5 26. dxc5 Rxc5 27. c3 Rfc8 28. Rd1 Rb5 29. Rf2 Rc4 30. Rd4 Rc6 31. Rc2 Re6 32. b4 Rxe5 33. a4 Rb6 34. Rcd2 Re3 35. R2d3 Rxd3 36. Rxd3 Rd6 37. c4 d4 38. Kf2 f5 39. Kf3 Kf7 40. Kf4 Kf6 41. h4 g5+ 42. hxg5+ hxg5+ 43. Kf3 Ke5 44. g3 g4+ 45. Kf2 Ke4 46. Ke2 Rh6 47. Rb3 d3+ 48. Kf2 Rh2+ 49. Kg1 Ra2 50. Rb1 Kf3 51. Rd1 Ke2 52. Rf1 d2 53. Rf2+ Kd3 54. Rf1 Kc2 55. Rf2 Kc1 56. Rf1+ d1=Q 0-1

[Event "CYCC U12"]
[Site "Victoria CAN"]
[Date "2005.03.25"]
[Round "4.3"]
[White "Zhang, Brent"]
[Black "Mai, Lloyd"]
[Result "0-1"]
[WhiteElo "1558"]
[BlackElo "1955"]
[PlyCount "98"]
[GameId "2160767910969127"]
[EventDate "2005.03.24"]
[EventType "swiss"]
[EventRounds "7"]
[EventCountry "CAN"]

1. e4 c5 2. Nf3 d6 3. d4 cxd4 4. Nxd4 Nf6 5. Nc3 Nc6 6. Bg5 a6 7. f4 Qb6 8. Nxc6 bxc6 9. Bxf6 gxf6 10. Qc1 Rb8 11. b3 f5 12. Qd2 Bg7 13. Kd1 Qb4 14. e5 Be6 15. Na4 dxe5 16. Qxb4 Rxb4 17. fxe5 Re4 18. Kd2 Bxe5 19. Bxa6 O-O 20. Kc1 Bf4+ 21. Kb1 Rxa4 22. bxa4 Rb8+ 23. Bb5 cxb5 24. a5 Ra8 25. g3 Be5 26. Re1 Bf6 27. a3 Rxa5 28. Re3 b4 29. Rd3 bxa3 30. Raxa3 Rb5+ 31. Kc1 Bb2+ 32. Kd2 Bxa3 33. Rxa3 Kg7 34. Kd3 Bd5 35. Kd4 Be4 36. c4 e5+ 37. Kc3 Rb1 38. c5 Kg6 39. Ra6+ Kg5 40. Rd6 f4 41. gxf4+ exf4 42. Kd4 f5 43. Ke5 Rc1 44. Kd4 Rd1+ 45. Kc4 Rxd6 46. cxd6 Bc6 47. Kc5 Be8 48. Kd4 Kg4 49. Kd3 Kf3 0-1

[Event "CYCC U12"]
[Site "Victoria CAN"]
[Date "2005.03.25"]
[Round "4.4"]
[White "Jiang, Louie"]
[Black "Wasser, Reuben"]
[Result "1-0"]
[WhiteElo "1731"]
[BlackElo "1098"]
[PlyCount "69"]
[GameId "2160767910969128"]
[EventDate "2005.03.24"]
[EventType "swiss"]
[EventRounds "7"]
[EventCountry "CAN"]

1. e4 e5 2. Nf3 Nc6 3. Bb5 d6 4. Nc3 g6 5. O-O Bg7 6. d4 exd4 7. Nxd4 Bd7 8. Nxc6 Bxc6 9. Bxc6+ bxc6 10. Qd3 Nf6 11. Bg5 Qe7 12. Rfe1 O-O 13. h3 Rfe8 14. f4 Qe6 15. Rab1 Rab8 16. Kh1 Rb4 17. e5 dxe5 18. Rxe5 Qc8 19. Rxe8+ Qxe8 20. a3 Rb8 21. b3 Qd7 22. Qe3 a5 23. Qa7 Qc8 24. Qxa5 Ra8 25. Qc5 Qe6 26. a4 Nd7 27. Qb4 c5 28. Qb7 Rb8 29. Qf3 Qf5 30. Rc1 h6 31. Nd5 Qe6 32. Bh4 Qd6 33. Rd1 c6 34. Ne7+ Qxe7 35. Bxe7 1-0

[Event "CYCC U12"]
[Site "Victoria CAN"]
[Date "2005.03.25"]
[Round "4.5"]
[White "MacKinnon, Keith"]
[Black "Breel, Kevin"]
[Result "0-1"]
[WhiteElo "1661"]
[BlackElo "1374"]
[PlyCount "100"]
[GameId "2160767910969129"]
[EventDate "2005.03.24"]
[EventType "swiss"]
[EventRounds "7"]
[EventCountry "CAN"]

1. e4 c6 2. d4 d5 3. Nc3 dxe4 4. Nxe4 Bf5 5. Ng3 Bg6 6. Nf3 Nd7 7. Bf4 Ngf6 8. c3 e6 9. Bd3 Bxd3 10. Qxd3 Be7 11. O-O O-O 12. Rfe1 Nd5 13. Bd2 N5f6 14. Rad1 Qc7 15. Nf5 Bd6 16. Nxd6 Qxd6 17. Ne5 Nxe5 18. Rxe5 b6 19. Bf4 Qd7 20. Qg3 Nd5 21. Rde1 Nxf4 22. Qxf4 Qd6 23. Qe4 Rad8 24. Qe3 Rfe8 25. g3 Re7 26. f4 Rc7 27. f5 exf5 28. Re8+ Rxe8 29. Qxe8+ Qf8 30. Qe5 Rc8 31. Qxf5 Re8 32. Re5 f6 33. Re6 Qf7 34. Rxc6 Qxa2 35. Qd7 Qb1+ 36. Kf2 Qxb2+ 37. Kf1 Qe2+ 38. Kg1 Qe1+ 39. Kg2 Re2+ 40. Kf3 Rf2+ 41. Kg4 f5+ 42. Kh3 Qf1+ 43. Kh4 Rxh2+ 44. Kg5 Qc1+ 45. Kxf5 Rf2+ 46. Ke6 Rf6+ 47. Ke7 Rf7+ 48. Ke6 Qe3+ 49. Kd6 Qxg3+ 50. Ke6 Qg4+ 0-1

[Event "CYCC U12"]
[Site "Victoria CAN"]
[Date "2005.03.25"]
[Round "4.6"]
[White "Rozybakiyev, Ilchin"]
[Black "Raymer, Elliot"]
[Result "1/2-1/2"]
[WhiteElo "1359"]
[BlackElo "1481"]
[PlyCount "74"]
[GameId "2160767910969130"]
[EventDate "2005.03.24"]
[EventType "swiss"]
[EventRounds "7"]
[EventCountry "CAN"]

1. e4 e5 2. Nf3 Nc6 3. d4 exd4 4. Nxd4 Nf6 5. Nc3 Bb4 6. Nxc6 bxc6 7. Bd3 d5 8. exd5 cxd5 9. Bd2 O-O 10. O-O Bg4 11. f3 Bc5+ 12. Kh1 Be6 13. Re1 Nh5 14. g4 Nf6 15. Qe2 Re8 16. Qg2 Qd7 17. h3 c6 18. Bg5 Bd4 19. Rad1 Rab8 20. Bc1 Bb6 21. Ne2 c5 22. c3 Rbc8 23. Bc2 Bc7 24. a3 a5 25. Bg5 Bd8 26. Bf4 Bc7 27. Bc1 Rb8 28. Qg1 c4 29. Nd4 Bb6 30. Re2 Qb7 31. Bf4 Bd7 32. Be3 Bxd4 33. Rxd4 Kh8 34. Bb1 Re7 35. Qf2 Rbe8 36. Rdd2 Bc6 37. Bd4 Nd7 1/2-1/2

[Event "CYCC U12"]
[Site "Victoria CAN"]
[Date "2005.03.25"]
[Round "4.7"]
[White "Huang, Richard"]
[Black "Gupta, Udit"]
[Result "1-0"]
[WhiteElo "1477"]
[BlackElo "1283"]
[PlyCount "51"]
[GameId "2160767910969131"]
[EventDate "2005.03.24"]
[EventType "swiss"]
[EventRounds "7"]
[EventCountry "CAN"]

1. e4 c5 2. Nc3 Nc6 3. g3 g6 4. Bg2 Bg7 5. d3 d6 6. f4 Nf6 7. Nf3 Nd4 8. O-O Nxf3+ 9. Bxf3 O-O 10. Kg2 Rb8 11. g4 Nd7 12. h3 b5 13. Ne2 Bb7 14. Ng3 c4 15. d4 e6 16. f5 d5 17. e5 Nxe5 18. dxe5 Bxe5 19. c3 Bg7 20. Be3 a5 21. Qd2 Ba6 22. Bh6 Bxh6 23. Qxh6 b4 24. Nh5 gxh5 25. f6 Qxf6 26. Qxf6 1-0

[Event "CYCC U12"]
[Site "Victoria CAN"]
[Date "2005.03.25"]
[Round "4.8"]
[White "Culjaga, Marko"]
[Black "Milner, Aviv"]
[Result "0-1"]
[WhiteElo "1263"]
[BlackElo "1444"]
[PlyCount "84"]
[GameId "2160767910969132"]
[EventDate "2005.03.24"]
[EventType "swiss"]
[EventRounds "7"]
[EventCountry "CAN"]

1. e4 c6 2. d4 d5 3. Nc3 dxe4 4. Nxe4 Bf5 5. Nc3 Nf6 6. Bc4 e6 7. Nf3 Nbd7 8. O-O Bd6 9. Bg5 h6 10. Bd2 O-O 11. Re1 Qc7 12. h3 Rfd8 13. Qe2 Rab8 14. Bb3 Kf8 15. Ne5 Nd5 16. f4 a6 17. Ne4 Bxe4 18. Qxe4 N7f6 19. Qe2 c5 20. c3 cxd4 21. cxd4 Qb6 22. Bc3 Nxf4 23. Qe3 N4d5 24. Qe2 Nxc3 25. bxc3 Bxe5 26. Qxe5 Rbc8 27. Rac1 Qd6 28. Qxd6+ Rxd6 29. Rf1 Rdc6 30. Rf3 b5 31. a3 Ke7 32. Kf1 Ne4 33. Rc2 Rxc3 34. Rcxc3 Rxc3 35. Rxc3 Nxc3 36. Ke1 Kd6 37. Kd2 Nb1+ 38. Kd3 Nxa3 39. g4 Nc4 40. h4 a5 41. Bxc4 bxc4+ 42. Kxc4 a4 0-1

[Event "CYCC U12"]
[Site "Victoria CAN"]
[Date "2005.03.25"]
[Round "4.9"]
[White "Keith-Jacques, Liam"]
[Black "Szalay, Karoly"]
[Result "0-1"]
[WhiteElo "1167"]
[BlackElo "1795"]
[PlyCount "80"]
[GameId "2160767910969133"]
[EventDate "2005.03.24"]
[EventType "swiss"]
[EventRounds "7"]
[EventCountry "CAN"]

1. d4 d5 2. c4 e6 3. Nc3 c6 4. e3 Nf6 5. b3 Bb4 6. Bb2 O-O 7. Qc2 Nbd7 8. a3 Bd6 9. c5 Bc7 10. f4 Ng4 11. Qd2 f5 12. Be2 Ngf6 13. Nf3 Ne4 14. Nxe4 dxe4 15. Ne5 Nf6 16. h3 Nd5 17. h4 Bd7 18. h5 Be8 19. h6 g6 20. g4 a5 21. gxf5 exf5 22. Bc4 Bf7 23. Bxd5 Qxd5 24. b4 axb4 25. axb4 Rxa1+ 26. Bxa1 Ra8 27. Qb2 Ra2 28. Qc3 Rg2 29. Kd1 Bxe5 30. fxe5 Qa2 31. e6 Bxe6 32. d5 Qxd5+ 33. Kc1 Qc4 34. Qxc4 Bxc4 35. Rd1 Bd3 36. Rd2 Rg1+ 37. Kb2 Rb1+ 38. Ka2 Rxb4 39. Rb2 Ra4+ 40. Kb3 Rxa1 0-1

[Event "CYCC U12"]
[Site "Victoria CAN"]
[Date "2005.03.25"]
[Round "4.10"]
[White "Greber, Carter"]
[Black "Landry, Francois Guillaume"]
[Result "0-1"]
[WhiteElo "1331"]
[BlackElo "1151"]
[PlyCount "82"]
[GameId "2160767910969134"]
[EventDate "2005.03.24"]
[EventType "swiss"]
[EventRounds "7"]
[EventCountry "CAN"]

1. d4 d5 2. c4 e6 3. cxd5 exd5 4. Nc3 Nf6 5. Nf3 Bf5 6. Ne5 Nc6 7. Nxc6 bxc6 8. e3 c5 9. dxc5 Bxc5 10. Bd3 Bxd3 11. Qxd3 c6 12. O-O O-O 13. h3 Re8 14. f3 Qe7 15. Re1 Bb4 16. Bd2 Bc5 17. Kh1 Rad8 18. Qf5 Qb7 19. b3 Qb4 20. e4 d4 21. Nb1 Qb6 22. e5 Nd5 23. Qg4 Re6 24. Bg5 Be7 25. Bxe7 Nxe7 26. Qh4 d3 27. Nc3 Qd4 28. Qxd4 Rxd4 29. Re3 Nd5 30. Nxd5 cxd5 31. Rc1 Kf8 32. g3 d2 33. Rd1 Rc6 34. Re2 Rc1 35. Rexd2 Rxd1+ 36. Rxd1 Rxd1+ 37. Kg2 Rd2+ 38. Kf1 Rxa2 39. f4 Ke7 40. g4 Rc2 41. h4 g5 0-1

[Event "CYCC U12"]
[Site "Victoria CAN"]
[Date "2005.03.25"]
[Round "4.11"]
[White "Smorshchok, Daniel"]
[Black "Patterson, Sean"]
[Result "1-0"]
[WhiteElo "1102"]
[BlackElo "1205"]
[PlyCount "59"]
[GameId "2160767910969135"]
[EventDate "2005.03.24"]
[EventType "swiss"]
[EventRounds "7"]
[EventCountry "CAN"]

1. e4 e5 2. d4 Nc6 3. dxe5 Nxe5 4. Qd4 f6 5. Bf4 d6 6. Nc3 c5 7. Qd5 Ne7 8. Bb5+ Bd7 9. Bxd7+ Qxd7 10. Qb3 c4 11. Qb5 N7c6 12. O-O-O a6 13. Qb6 g5 14. Bxe5 fxe5 15. Nd5 Bg7 16. Nc7+ Ke7 17. Nxa8 Rxa8 18. Nf3 Bh6 19. c3 g4+ 20. Nd2 Rf8 21. Rhf1 d5 22. Qc5+ Ke6 23. exd5+ Qxd5 24. Qxd5+ Kxd5 25. Kb1 Bxd2 26. Rxd2+ Ke6 27. Re1 h5 28. Re4 b5 29. g3 Kf5 30. Re3 1-0

[Event "CYCC U12"]
[Site "Victoria CAN"]
[Date "2005.03.25"]
[Round "4.12"]
[White "Chow, Thomas"]
[Black "Moore, Zachary"]
[Result "1-0"]
[WhiteElo "1288"]
[BlackElo "1081"]
[PlyCount "139"]
[GameId "2160767910969136"]
[EventDate "2005.03.24"]
[EventType "swiss"]
[EventRounds "7"]
[EventCountry "CAN"]

1. d4 e6 2. e4 Qf6 3. Nc3 Nh6 4. Nf3 Ng4 5. e5 Qg6 6. h3 Nh6 7. Bd3 Qxg2 8. Rh2 Qxh2 9. Nxh2 Nf5 10. Bxf5 exf5 11. Nd5 Na6 12. c4 c6 13. Nc3 d5 14. cxd5 cxd5 15. Nxd5 Bb4+ 16. Bd2 Be7 17. Nxe7 Kxe7 18. Bg5+ f6 19. exf6+ gxf6 20. Qe2+ Be6 21. Bf4 Rhg8 22. Kd2 Rad8 23. Nf3 Nb4 24. Qb5 Nd5 25. Qxb7+ Rd7 26. Qc6 Nxf4 27. Re1 Rg2 28. Ke3 Nd5+ 29. Kd2 Rxf2+ 30. Kd1 Nf4 31. Kc1 Rxf3 32. Qxf3 Rc7+ 33. Kb1 Ng6 34. d5 Ne5 35. Rxe5 fxe5 36. dxe6 Kxe6 37. Qb3+ Kf6 38. Qd3 e4 39. Qd8+ Re7 40. Qf8+ Rf7 41. Qd6+ Kg5 42. Qg3+ Kf6 43. Qc3+ Kg5 44. Qg3+ Kf6 45. Qh4+ Ke5 46. Qg3+ Kd4 47. Qd6+ Ke3 48. Qc5+ Kf4 49. Qd6+ Kg5 50. Kc1 e3 51. Qg3+ Kf6 52. Qxe3 Rc7+ 53. Kd1 Re7 54. Qh6+ Ke5 55. Qe3+ Kf6 56. Qc3+ Kg5 57. Qg3+ Kf6 58. Qd6+ Re6 59. Qf8+ Ke5 60. Qg7+ Kf4 61. Qxh7 Rd6+ 62. Ke1 Re6+ 63. Kf2 Re3 64. Qh4+ Ke5 65. Kxe3 a5 66. Qd4+ Ke6 67. h4 a4 68. h5 Kf7 69. h6 Kg8 70. Qg7# 1-0

[Event "CYCC U12"]
[Site "Victoria CAN"]
[Date "2005.03.25"]
[Round "4.13"]
[White "Tom, Foster"]
[Black "Lacouvee, Connor"]
[Result "1/2-1/2"]
[WhiteElo "988"]
[BlackElo "1172"]
[PlyCount "109"]
[GameId "2160767910969137"]
[EventDate "2005.03.24"]
[EventType "swiss"]
[EventRounds "7"]
[EventCountry "CAN"]

1. d4 d5 2. c4 c6 3. Nc3 Nf6 4. Bg5 Bf5 5. e3 Nbd7 6. cxd5 cxd5 7. Bd3 Bxd3 8. Qxd3 a6 9. Nf3 h6 10. Bxf6 Nxf6 11. O-O e6 12. e4 Bb4 13. e5 Bxc3 14. bxc3 Ne4 15. Rab1 Qc7 16. c4 O-O 17. cxd5 exd5 18. Rfc1 Qd7 19. Nd2 Nxd2 20. Qxd2 Rac8 21. Qb4 Rc6 22. Rxc6 bxc6 23. Qa4 Ra8 24. Rb6 Qf5 25. h3 Rc8 26. Rxc6 Rxc6 27. Qxc6 Qb1+ 28. Kh2 Qxa2 29. Qe8+ Kh7 30. Qxf7 Qc2 31. Qxd5 Qxf2 32. Qe4+ Kg8 33. Qa8+ Kf7 34. Qxa6 Qf4+ 35. g3 Qd2+ 36. Kh1 Qe1+ 37. Kg2 Qe4+ 38. Kf1 Qf3+ 39. Ke1 Qxg3+ 40. Kd2 Qxh3 41. Qc4+ Qe6 42. Qxe6+ Kxe6 43. Ke3 g5 44. Kf3 Kf5 45. Kg3 h5 46. Kh3 g4+ 47. Kg3 Kg5 48. e6 Kf6 49. d5 Ke7 50. Kh4 Ke8 51. d6 Kd8 52. d7 Ke7 53. Kg3 Kd8 54. Kh4 Kc7 55. Kg3 1/2-1/2

[Event "CYCC U12"]
[Site "Victoria CAN"]
[Date "2005.03.25"]
[Round "4.14"]
[White "Parker, Dylan"]
[Black "Herringer, Moise"]
[Result "1-0"]
[WhiteElo "765"]
[BlackElo "1152"]
[PlyCount "55"]
[GameId "2160767910969138"]
[EventDate "2005.03.24"]
[EventType "swiss"]
[EventRounds "7"]
[EventCountry "CAN"]

1. e4 e5 2. Nf3 Nf6 3. Nc3 Bc5 4. Nxe5 d6 5. Nf3 d5 6. Bb5+ c6 7. Bd3 Ng4 8. O-O Qc7 9. Qe2 O-O 10. a3 Bd6 11. h3 f5 12. hxg4 fxe4 13. Nxe4 dxe4 14. Qxe4 Bf5 15. gxf5 Nd7 16. Bc4+ Kh8 17. d3 b5 18. Bb3 Nc5 19. Qd4 Rad8 20. Qc3 Rxf5 21. d4 Rh5 22. g4 Rh3 23. Kg2 Ne4 24. Qe3 Rh6 25. Qxe4 Rg6 26. Re1 Qc8 27. Qxg6 Rf8 28. Rh1 1-0

[Event "CYCC U12"]
[Site "Victoria CAN"]
[Date "2005.03.25"]
[Round "4.15"]
[White "Renaud, Joshua"]
[Black "Miller, Ben"]
[Result "1-0"]
[WhiteElo "981"]
[BlackElo "847"]
[PlyCount "47"]
[GameId "2160767910969139"]
[EventDate "2005.03.24"]
[EventType "swiss"]
[EventRounds "7"]
[EventCountry "CAN"]

1. Nf3 d6 2. d4 Bg4 3. e3 Bxf3 4. Qxf3 c6 5. c4 Na6 6. Nc3 Nb4 7. Qd1 d5 8. a3 Na6 9. cxd5 cxd5 10. Bb5+ Qd7 11. Bxd7+ Kxd7 12. Qa4+ Kd8 13. Qa5+ Kc8 14. e4 Nc7 15. Bf4 Na6 16. O-O f6 17. Rfc1 e5 18. Nxd5+ Kd7 19. dxe5 Bc5 20. Rd1 Kc6 21. Nb4+ Nxb4 22. axb4 Bb6 23. Rac1+ Bc5 24. Qxc5# 1-0

[Event "CYCC U12"]
[Site "Victoria CAN"]
[Date "2005.03.25"]
[Round "4.16"]
[White "Nodin, Carl"]
[Black "Choi, David"]
[Result "0-1"]
[WhiteElo "846"]
[BlackElo "812"]
[PlyCount "42"]
[GameId "2160767910969140"]
[EventDate "2005.03.24"]
[EventType "swiss"]
[EventRounds "7"]
[EventCountry "CAN"]

1. e3 e5 2. Bc4 Nf6 3. Qf3 e4 4. Qf4 Bd6 5. Qg5 h6 6. Qxg7 Rh7 7. Bxf7+ Ke7 8. Qxf6+ Kxf6 9. Nh3 Kxf7 10. f3 exf3 11. Rf1 Bxh2 12. Rxf3+ Kg8 13. Nf4 Qh4+ 14. Ke2 d5 15. Ng6 Qg5 16. Rf8+ Kg7 17. Rxc8 Qg4+ 18. Kd3 Qxc8 19. Ne7 Qe6 20. Nc3 Qa6+ 21. Kd4 Qc4# 0-1

[Event "CYCC U12"]
[Site "Victoria CAN"]
[Date "2005.03.25"]
[Round "4.17"]
[White "Taylor, Patrick"]
[Black "Moore, Jeremy"]
[Result "1-0"]
[WhiteElo "807"]
[BlackElo "863"]
[PlyCount "88"]
[GameId "2160767910969141"]
[EventDate "2005.03.24"]
[EventType "swiss"]
[EventRounds "7"]
[EventCountry "CAN"]

1. e4 e5 2. Bc4 Nh6 3. Qh5 Qf6 4. d3 Bc5 5. Bxh6 Qxf2+ 6. Kd1 Bb4 7. Nd2 Qxg2 8. c3 d5 9. exd5 Bg4+ 10. Qxg4 Qxg4+ 11. Ne2 gxh6 12. cxb4 Qh3 13. b5 Qxh2 14. Rxh2 Rg8 15. Nf3 f6 16. Rxh6 e4 17. dxe4 a6 18. bxa6 bxa6 19. d6 cxd6 20. Bxg8 Kf8 21. Bxh7 Ra7 22. Bf5 Nc6 23. Rh1 Ne7 24. Be6 Nc6 25. Nh2 Ke7 26. Nf4 Nd4 27. Bc8 Rc7 28. Bxa6 Rc6 29. Bf1 Rc2 30. Ng4 Rxb2 31. Kc1 Rc2+ 32. Kb1 Kf7 33. Bh3 Ke7 34. Rd1 Rc4 35. a4 Nf3 36. a5 Rxe4 37. Nxf6 Kxf6 38. Nd5+ Ke5 39. Nc7 Rh4 40. Rh1 Kf6 41. Bg2 d5 42. Rxh4 d4 43. Ne6 Kxe6 44. Rh5 Kf6 1-0

[Event "CYCC U12"]
[Site "Victoria CAN"]
[Date "2005.03.26"]
[Round "5.1"]
[White "Yam, Richard"]
[Black "Fan, Brendan"]
[Result "1/2-1/2"]
[WhiteElo "1718"]
[BlackElo "1789"]
[PlyCount "127"]
[GameId "2160767910969144"]
[EventDate "2005.03.24"]
[EventType "swiss"]
[EventRounds "7"]
[EventCountry "CAN"]

1. e4 e6 2. d4 d5 3. exd5 exd5 4. Nf3 Bd6 5. Bd3 Ne7 6. O-O O-O 7. Bg5 f6 8. Bh4 Nbc6 9. c3 Be6 10. Nbd2 Qd7 11. Re1 Bf5 12. Nf1 Bxd3 13. Qxd3 Qf5 14. Rad1 Qxd3 15. Rxd3 Nf5 16. Ne3 Nxe3 17. Rdxe3 a5 18. Bg3 Bxg3 19. hxg3 a4 20. Nd2 Ra6 21. Nb1 Rb6 22. R1e2 Na5 23. Na3 g6 24. Kh2 c6 25. Re6 Ra6 26. Rd6 Raa8 27. Kh3 Kg7 28. g4 Rad8 29. Re7+ Rf7 30. Rxd8 Rxe7 31. Ra8 b6 32. Rb8 b5 33. Ra8 Nb7 34. Ra7 Kf7 35. Nc2 Ke6 36. Nb4 Kd6 37. Nd3 Nd8 38. Rxe7 Kxe7 39. Kh4 Nf7 40. f4 Ke6 41. g3 Nd6 42. Nc5+ Ke7 43. Kh3 Nc4 44. b3 axb3 45. axb3 Ne3 46. Nd3 Nd1 47. Nb4 Nxc3 48. Nxc6+ Kd6 49. Nb4 Ne2 50. Nc2 Nc1 51. b4 Nd3 52. Kg2 Kc6 53. Kf3 Kd6 54. Ke3 Nb2 55. g5 fxg5 56. fxg5 Nc4+ 57. Kf4 Ke6 58. Ne1 Na3 59. Kg4 Nc4 60. Kf4 Nb2 61. Kg4 Na4 62. Nc2 Nc3 63. Kf4 Ne2+ 64. Kg4 1/2-1/2

[Event "CYCC U12"]
[Site "Victoria CAN"]
[Date "2005.03.26"]
[Round "5.2"]
[White "Mai, Lloyd"]
[Black "Huang, Richard"]
[Result "1-0"]
[WhiteElo "1955"]
[BlackElo "1477"]
[PlyCount "111"]
[GameId "2160767910969145"]
[EventDate "2005.03.24"]
[EventType "swiss"]
[EventRounds "7"]
[EventCountry "CAN"]

1. e4 c5 2. Nf3 e6 3. d4 cxd4 4. Nxd4 a6 5. c4 Nc6 6. Nxc6 bxc6 7. Be2 Bb4+ 8. Bd2 Bxd2+ 9. Qxd2 Ne7 10. c5 O-O 11. O-O Qc7 12. f4 f5 13. e5 Nd5 14. Bc4 Rb8 15. Bxd5 cxd5 16. b4 Bb7 17. Qd4 Bc6 18. Nc3 a5 19. a3 axb4 20. axb4 Qb7 21. Rfb1 Bb5 22. Nxb5 Qxb5 23. Ra5 Qb7 24. b5 Rfc8 25. b6 Qc6 26. Ra7 Rb7 27. Rba1 Rcb8 28. Qb4 Kf7 29. Rxb7 Rxb7 30. Ra7 Rxa7 31. bxa7 Qa6 32. Qb8 Qa1+ 33. Kf2 Qd4+ 34. Ke2 Qc4+ 35. Kd1 Qd3+ 36. Kc1 Qa3+ 37. Kb1 Qd3+ 38. Kb2 Qd4+ 39. Kb3 Qc4+ 40. Ka3 Qxc5+ 41. Ka4 Qd4+ 42. Ka5 Qc5+ 43. Ka6 Qc6+ 44. Qb6 Qc8+ 45. Qb7 Qc4+ 46. Kb6 Qb4+ 47. Kc7 Qc5+ 48. Kxd7 Qe7+ 49. Kc6 Qxb7+ 50. Kxb7 d4 51. a8=Q Ke7 52. Kc7 Kf7 53. Kd7 Kg6 54. Kxe6 d3 55. Qd8 d2 56. Qg5# 1-0

[Event "CYCC U12"]
[Site "Victoria CAN"]
[Date "2005.03.26"]
[Round "5.3"]
[White "Xiong, Jerry"]
[Black "Breel, Kevin"]
[Result "1-0"]
[WhiteElo "1832"]
[BlackElo "1374"]
[PlyCount "51"]
[GameId "2160767910969146"]
[EventDate "2005.03.24"]
[EventType "swiss"]
[EventRounds "7"]
[EventCountry "CAN"]

1. e4 c6 2. d4 d5 3. e5 Bf5 4. Nf3 e6 5. Bd3 Bxd3 6. cxd3 Qb6 7. O-O Ne7 8. Qc2 Nf5 9. Be3 Nxe3 10. fxe3 Be7 11. Nc3 O-O 12. Ne2 Nd7 13. a3 Rac8 14. b4 a6 15. Kh1 Qa7 16. Nf4 b6 17. Rab1 Rc7 18. Qf2 c5 19. Qg3 cxd4 20. exd4 Rfc8 21. Nh5 g6 22. Ng5 Bxg5 23. Qxg5 Kh8 24. Rxf7 Nf8 25. Qf6+ Kg8 26. Qg7# 1-0